• 首页
  • 本馆介绍
  • 公告通知
  • 最新文献
  • 馆藏检索
  • 电子资源
  • 读者导购
  • 参考咨询
  • 我的图书馆
  • 登录
  • 详细信息显示
  • 放入我的书架
  • 预约/预借图书
  • 作者相关作品
  • 分类相关作品
  • 丛书相关作品
  • 出版社相关作品

书目信息

  • 表格格式
  • 工作单格式
  • 卡片格式
题名:
北京名园趣谈
    
 
作者: 魏开肇 , 李学文 , 陈文良 著
分册:  
出版信息: 北京   中国建筑工业出版社  1983.06
页数: 387页
开本: 19cm
丛书名:
单 册:
中图分类: K928.73
科图分类:
主题词: 古典园林--简介--北京
电子资源:
ISBN:
000 00692nam0 2200241 45
001 0194030061
005 20070715091348.09
010    @dCNY1.00
091    @a11040.4451
100    @a19940719d1983 em y0chiy0121 ea
101 0  @achi
102    @aCN@b110000
105    @af z 000yy
200 10 @a北京名园趣谈@ABEI JING MING YUAN QU TAN@f陈文良,魏开肇,李学文著@FChen Wen Liang,Wei Kai Zhao,Li Xue Wen Zhu
210    @a北京@c中国建筑工业出版社@d1983.06
215    @a387页@c图@d19cm
606    @a古典园林@x简介@y北京
690    @aK928.73@v三版
701  0 @a魏开肇@4著
701  0 @a李学文@4著
701  0 @a陈文良@4著
801  0 @aCN@bNLC@c20070715
905    @f2@b172201-202@dK928.73@e117
    
    北京名园趣谈/陈文良,魏开肇,李学文著.-北京:中国建筑工业出版社,1983.06
    387页:图;19cm
    
    
    ISBN :CNY1.00
    
●
相关链接 在E读中查询图书 在五车中查询图书 在当当中查询图书 在豆瓣中查询图书


正题名:北京名园趣谈     索取号:K928.73/117         预约/预借

序号 登录号 条形码 馆藏地/架位号 状态 备注
1 0172201   000081556   密集书库/ [索取号:K928.73/117] 在馆    
2 0172202   000081565   密集书库/ [索取号:K928.73/117] 在馆    
3 0172203   000081547   第二样本阅览室/ [索取号:K928.73/117] 在馆    
4 0174843   202215735   密集书库/ [索取号:K928.73/117] 在馆    
5 0779349   207793495   密集书库/ [索取号:K928.73/117] 在馆    
唐山师范学院图书馆 欢迎您!
大连网信软件有限公司© 版权所有